Fundamentos de psicología

Guardat en:
Dades bibliogràfiques
Autor principal: Geldard, Frank A (Autor)
Format: Llibre
Idioma:espanyol
Publicat: Ciudad de México Trillas 1974
Col·lecció:Biblioteca Técnica de Psicología
Matèries:
Etiquetes: Afegir etiqueta
Sense etiquetes, Sigues el primer a etiquetar aquest registre!

MARC

LEADER 00000nam a2200000 a 4500
001 UCY5764
003 CL-VaPUC
008 950512e19740000MX |||||||||||||||||spa|d
082 0 4 |a 150  |b GEL  |2 21 
100 0 |a Geldard, Frank A  |e author  |9 334956 
245 1 0 |a Fundamentos de psicología 
300 |a 496 p 
942 |c BK 
945 |d 19950512 00:00:00  |a cmena 
260 |a Ciudad de México  |b Trillas  |c 1974 
650 0 |a Psicología   |9 257863 
650 0 |a Naturaleza humana   |9 308593 
650 0 |a Motivación   |9 315362 
650 0 |a Comportamiento   |9 308406 
650 0 |a Aprendizaje   |9 254827 
650 0 |a Emociones   |9 265224 
650 0 |a Percepción   |9 266750 
650 7 |a SENSACION  |2 CL-VaPUC  |9 334611 
650 7 |a PSICOLOGIA DE LOS PROCESOS SENSORIALES  |2 CL-VaPUC  |9 334957 
650 0 |a Memoria  |9 266549 
650 0 |a Pruebas psicológicas  |9 307459 
650 0 |a Pruebas de inteligencia  |9 307461 
650 0 |a Procesos mentales superiores  |9 330839 
650 0 |a Psicología social   |9 222894 
650 0 |a Personalidad   |9 307255 
583 |a last modification  |c 19950512 00:00:00  |k Rodrigo Vera 
490 0 |a Biblioteca Técnica de Psicología 
999 |c 233384  |d 233382 
952 |0 0  |1 0  |4 0  |6 150_000000000000000_GEL_1974  |7 0  |8 P  |9 238881  |a BIBEDU  |b BIBEDU  |c BIBEDU_PB  |d 2019-11-18  |i 1502689  |o 150 GEL 1974  |p 1502689  |r 2024-01-25  |w 2019-11-18  |y BK  |k EDU